000 00758nam a22002177a 4500
003 OSt
005 20230823135046.0
008 221006b |||||||| |||| 00| 0 eng d
040 _cBiblioteca Lado V
082 _a708
_bO77m
100 _9960
_aOrtiz Serrano, Gustavo
_edirector
245 _aMuseo de Arte Contemporáneo de Bogotá/
_bDiálogos en Femenino/
260 _c2013
_bUNIMINUTO
_aBogota
_aColombia
300 _c21.5x28cm
_a24p.
490 _x1909-3543
650 _2Tesauro de Arte & Arquitectura
_aARTE
650 _2Tesauro de Arte & Arquitectura
_aEXHIBICION
_9702
650 _2Tesauro de Arte & Arquitectura
_aTATUAJE
_9703
650 _2Tesauro de Arte & Arquitectura
_aARTE CORPORAL
942 _2ddc
_c1
_h708
_iO77m
_n0
999 _c4194
_d4194